| Tag |
First Indicator |
Second Indicator |
Subfields |
| LEADER |
00000pam a2200000 a 4500 |
| 001 |
in00000082108 |
| 005 |
20151008055510.0 |
| 008 |
810810s1981 ne a b 00110 eng |
| 010 |
|
|
|a 81013814
|
| 020 |
|
|
|a 9027713111
|
| 035 |
|
|
|a (OCoLC)07733524
|
| 035 |
|
|
|9 AAJ3629AM
|
| 039 |
0 |
|
|a 2
|b 3
|c 3
|d 3
|e 3
|
| 040 |
|
|
|a DLC
|c DLC
|d TXA
|d UtOrBLW
|
| 049 |
|
|
|a TXAM
|c [1361847]
|
| 050 |
0 |
0 |
|a Q175
|b .D6342
|
| 082 |
0 |
|
|a 501
|2 19
|
| 100 |
1 |
|
|a Dilworth, Craig.
|
| 245 |
1 |
0 |
|a Scientific progress :
|b a study concerning the nature of the relation between successive scientific theories /
|c Craig Dilworth.
|
| 264 |
|
1 |
|a Dordrecht, Holland ;
|a Boston :
|b D. Reidel Pub. Co. ;
|c [1981]
|
| 264 |
|
2 |
|a Hingham, MA :
|b Sold and distributed in the U.S.A. and Canada by Kluwer Boston,
|
| 264 |
|
4 |
|c ©1981
|
| 300 |
|
|
|a 155 pages :
|b illustrations ;
|c 23 cm.
|
| 336 |
|
|
|a text
|b txt
|2 rdacontent
|
| 337 |
|
|
|a unmediated
|b n
|2 rdamedia
|
| 338 |
|
|
|a volume
|b nc
|2 rdacarrier
|
| 490 |
1 |
|
|a Synthese library ;
|v v. 153
|
| 500 |
|
|
|a Includes index.
|
| 504 |
|
|
|a Bibliography: pages [142]-148.
|
| 650 |
|
0 |
|a Science
|x Philosophy.
|
| 650 |
|
0 |
|a Science
|x Methodology.
|
| 830 |
|
0 |
|a Synthese library ;
|v v. 153.
|
| 999 |
|
|
|a MARS
|
| 999 |
f |
f |
|s c3761406-1950-3455-bd18-ae743675127f
|i 557d4a85-c39c-3f7d-836d-d7ab963a39d5
|t 0
|
| 952 |
f |
f |
|p ric
|a Texas A&M University
|b Rellis Campus
|c Joint Library Facility
|d Remote Storage
|t 0
|e Q175 .D6342
|h Library of Congress classification
|i unmediated -- volume
|m A14806199367
|
| 998 |
f |
f |
|a Q175 .D6342
|t 0
|l Remote Storage
|